000 00294nam a22001337a 4500
020 _aNA
082 _222
_a658
100 _aRobbins, Stephen P. and Coulter, Mary.
245 _aManagement /
250 _a8th ed.
260 _bPrentice Hall,
_cc2005.
300 _a0
_bill. ;
942 _2ddc
_cMAG
999 _c4201
_d4201